00528nam a2200145 a 450000100100000000500170001000800410002704000250006810000360009324500610012926000490019030000210023995201050026099900170036500003834020201002031231.0130409s1999 dr 000 0 spa d aDO-SdBNPbspacBNPHU1 aVillegas Quintero, Efrain9321110aTerapias para la conciencia /cEfrain Villegas Contrera. aSanto Domingo :bEditoria Centenario,c1999. a174 p. ;c24 cm. 0010718PDaPDbPDcCTd2013-04-09iLF1l0o p38340-10r2020-06-25w2020-06-25yLFPDZNo se presta c37830d37830